LEADER 01087cam2 22002891 450 001 SOBE00019415 005 20111108102732.0 100 $a20111108d1966 |||||ita|0103 ba 101 $afre 102 $aFR 200 1 $aTome VI 210 $aParis$cSociété d'édition "Les Belles Lettres"$d1966 215 $a136 p.$d20 cm 225 2 $aCollection des Universités de France 300 $aTesto latino a fronte 410 1$1001LAEC00018970$12001 $a*Collection des Universités de France 461 1$1001SOBE00019412$12001 $aHistoire romaine / Tite-Live ; texte établi par Jean Bayet et traduit par Gaston Baillet ; appendice rédigé par M. Raymond Bloch 700 1$aLivius$b, Titus$3A600200033180$4070$05194 801 0$aIT$bUNISOB$c20111108$gRICA 850 $aUNISOB 852 $aUNISOB$j870|Coll|3|K$m9770 912 $aSOBE00019415 940 $aM 102 Monografia moderna SBN 941 $aM 957 $a870|Coll|3|K$b000029$i-6$gSI$d9770$racquisto$tN$1cutolo$2UNISOB$3UNISOB$420111108102645.0$520120412111422.0$6cutolo 996 $aTome VI$91720043 997 $aUNISOB LEADER 00886cam0 2200277 450 001 E600200041173 005 20210603083003.0 100 $a20081021d1978 |||||ita|0103 ba 101 $aita 102 $aIT 200 1 $a<>altra Corea$fErnesto Toaldo$gpref. Renzo Foa 210 $aRoma$cEditori Riuniti$d1978 215 $a290 p.$d19 cm 225 2 $apunto$v155 410 1$1001SOBE00023027$12001 $aIl *punto$v155 700 1$aToaldo$b, Ernesto$3A600200050451$4070$0244775 702 1$aFoa, Renzo$3A600200050452$4070 801 0$aIT$bUNISOB$c20210603$gRICA 850 $aUNISOB 852 $aUNISOB$j320$m27752 912 $aE600200041173 940 $aM 102 Monografia moderna SBN 941 $aM 957 $a320$b000796$gSi$d27752$rAcquisto$1pregresso2$2UNISOB$3UNISOB$420081021145518.0$520191218093219.0$6Spinosa 996 $aAltra Corea$9629258 997 $aUNISOB LEADER 01246nam0 22003011i 450 001 UON00132073 005 20231205102800.632 100 $a20020107d1922 |0itac50 ba 101 $aeng$aCHI 102 $aCN 105 $a|||| 1|||| 200 1 $aˆA ‰Course of Mandarin lessons, based on idiom$fby Rev. C.W. Mateer 205 $aRev. 1906 210 $aShanghai$cPresbyterian Mission Press$d1922 215 $alv, 786 p.$c1 c. ripieg.$d28 cm 606 $aLingua cinese$3UONC001672$2FI 606 $aLingua cinese$xCinese classico$3UONC018042$2FI 620 $aCN$dShanghai$3UONL000143 686 $aRARI CIN II B$cRARI - CINA - LINGUISTICA - GRAMMATICHE$2A 700 1$aMateer$bCalvin Wilson$3UONV081105$01589499 712 $aPresbyterian Mission Press$3UONV247799$4650 801 $aIT$bSOL$c20250516$gRICA 899 $aSIBA - SISTEMA BIBLIOTECARIO DI ATENEO$2UONSI 912 $aUON00132073 950 $aSIBA - SISTEMA BIBLIOTECARIO DI ATENEO$dSI RARI CIN II B 004 $eSI MR 5561 7 004 966 $aLINGUA CINESE CLASSICA$zLingua cinese - Cinese classico$3UONC008058 996 $aCourse of Mandarin lessons, based on idiom$93896356 997 $aUNIOR